| Tag |
First Indicator |
Second Indicator |
Subfields |
| LEADER |
00000cam a2200000 a 4500 |
| 001 |
in00001019607 |
| 005 |
20150928092414.0 |
| 008 |
910207s1991 riua b 00110 eng |
| 010 |
|
|
|a 91008147
|
| 020 |
|
|
|a 0821845489 (alk. paper)
|
| 035 |
|
|
|a (OCoLC)23220397
|
| 035 |
|
|
|9 AFE9086AM
|
| 040 |
|
|
|a DLC
|c DLC
|d TXA
|d UtOrBLW
|
| 041 |
1 |
|
|a eng
|h rus
|
| 049 |
|
|
|a TXAM
|
| 050 |
0 |
0 |
|a QA251.5
|b .K4613 1991
|
| 082 |
0 |
0 |
|a 512/.24
|2 20
|
| 100 |
1 |
|
|a Kemer, Aleksandr Robertovich.
|
| 240 |
1 |
0 |
|a Idealy tozhdestv assot͡siativnykh algebr.
|l English
|
| 245 |
1 |
0 |
|a Ideals of identities of associative algebras /
|c Aleksandr Robertovich Kemer.
|
| 264 |
|
1 |
|a Providence, R.I. :
|b American Mathematical Society,
|c [1991]
|
| 264 |
|
4 |
|c ©1991
|
| 300 |
|
|
|a 81 pages :
|b illustrations ;
|c 27 cm.
|
| 336 |
|
|
|a text
|b txt
|2 rdacontent
|
| 337 |
|
|
|a unmediated
|b n
|2 rdamedia
|
| 338 |
|
|
|a volume
|b nc
|2 rdacarrier
|
| 490 |
1 |
|
|a Translations of mathematical monographs,
|x 0065-9282 ;
|v v. 87
|
| 500 |
|
|
|a Translation of: Idealy tozhdestv assot︠s︡iativnykh algebr.
|
| 504 |
|
|
|a Includes bibliographical references (pages 75-80) and index.
|
| 650 |
|
0 |
|a Associative algebras.
|
| 650 |
|
0 |
|a Ideals (Algebra)
|
| 830 |
|
0 |
|a Translations of mathematical monographs.
|x 0065-9282 ;
|v v. 87.
|
| 999 |
|
|
|a MARS
|
| 999 |
f |
f |
|s 9aa0f118-bf9b-3d2f-b768-43eb92631feb
|i ac63b8d4-9164-3ac2-8433-f5879b83f1fb
|t 0
|
| 952 |
f |
f |
|p ric
|a Texas A&M University
|b Rellis Campus
|c Joint Library Facility
|d Remote Storage
|t 0
|e QA251.5 .K4613 1991
|h Library of Congress classification
|i unmediated -- volume
|m A14814421778
|
| 998 |
f |
f |
|a QA251.5 .K4613 1991
|t 0
|l Remote Storage
|